[Event "Marsel IM"]
[Site "Dombaj"]
[Date "2011.07.??"]
[Round "8"]
[White "Zabava, Oleksandr"]
[Black "Yushinov, Nikolay"]
[Result "0-1"]
[WhiteElo "2253"]
[BlackElo "2162"]
[PlyCount "72"]
[EventDate "2011.07.23"]
[EventType "swiss"]
[EventRounds "8"]
[EventCountry "RUS"]
[SourceTitle "EXT 2022"]
[Source "ChessBase"]
[SourceDate "2021.10.06"]
[SourceVersion "1"]
[SourceVersionDate "2021.10.06"]
[SourceQuality "1"]

1. e4 c5 2. Nf3 d6 3. d4 cxd4 4. Nxd4 Nf6 5. Nc3 a6 6. Bc4 e6 7. a4 Be7 8. 0-0 Nc6 9. Be3 0-0 10. Kh1 d5 11. exd5 exd5 12. Ba2 Be6 13. h3 Qd7 14. Qf3 Rac8 15. Rad1 Rfe8 16. Rfe1 Bb4 17. Nxc6 bxc6 18. Bd4 Be7 19. a5 Qc7 20. Bb6 Qb8 21. Re2 Bd8 22. Na4 Ne4 23. b4 Bf6 24. c3 Bd7 25. Bb1 Ng5 26. Qd3 Rxe2 27. Qxe2 Re8 28. Qxa6 Bxh3 29. Qd3 Bg4 30. Rc1 Ne4 31. Be3 Re5 32. f4 Rh5+ 33. Kg1 Ng3 34. Kf2 Bh4 35. Ke1 Ne4+ 36. Kf1 Bg3 0-1

[Event "Dombai"]
[Site "Dombai"]
[Date "2010.12.27"]
[Round "7"]
[White "Skorchenko, Dmitry"]
[Black "Zabava, Oleksandr"]
[Result "1-0"]
[WhiteElo "2502"]
[BlackElo "2339"]
[PlyCount "47"]
[EventDate "2010.12.21"]
[EventType "swiss"]
[EventRounds "9"]
[EventCountry "RUS"]
[EventCategory "6"]
[SourceTitle "CBM 140 Extra"]
[Source "ChessBase"]
[SourceDate "2011.03.01"]
[SourceVersion "1"]
[SourceVersionDate "2011.03.01"]
[SourceQuality "1"]

1. e4 e5 2. Nf3 Nc6 3. Bb5 f5 4. d3 fxe4 5. dxe4 Nf6 6. 0-0 Bc5 7. Qd3 d6 8. Qc4 Qe7 9. Nc3 Bd7 10. Nd5 Nxd5 11. exd5 Nd4 12. Bxd7+ Kxd7 13. Nxd4 Bxd4 14. c3 Bb6 15. a4 a5 16. Qg4+ Ke8 17. Be3 Qd7 18. Qe4 Bxe3 19. fxe3 c5 20. Rf2 Kd8 21. Raf1 Re8 22. Rf7 Re7 23. Rf8+ Re8 24. R1f7 1-0

[Event "Dombai"]
[Site "Dombai"]
[Date "2010.12.25"]
[Round "5"]
[White "Zabava, Oleksandr"]
[Black "Netrebko, Alexander"]
[Result "1/2-1/2"]
[WhiteElo "2339"]
[BlackElo "2157"]
[PlyCount "32"]
[EventDate "2010.12.21"]
[EventType "swiss"]
[EventRounds "9"]
[EventCountry "RUS"]
[EventCategory "6"]
[SourceTitle "CBM 140 Extra"]
[Source "ChessBase"]
[SourceDate "2011.03.01"]
[SourceVersion "1"]
[SourceVersionDate "2011.03.01"]
[SourceQuality "1"]

1. c4 e5 2. Nc3 Nf6 3. Nf3 Nc6 4. g3 Nd4 5. Ng1 Nc6 6. Nf3 Nd4 7. Bg2 Nxf3+ 8. Bxf3 Bb4 9. 0-0 0-0 10. d3 h6 11. Qc2 c6 12. a3 Be7 13. e3 d6 14. b4 Bg4 15. Bg2 Qd7 16. Bb2 Bh3 1/2-1/2